| 000 | 01236nam a2200193 a 4500 | ||
|---|---|---|---|
| 008 | 161226t2011 ag |||g |||| 000 0 spa d | ||
| 020 | _a9789876042468 | ||
| 092 |
_c808.88 _l26 _sFON |
||
| 100 | 1 |
_aFonseca, Ricardo _93289 |
|
| 245 |
_aQuequén, la culebra dinosaurica y otros relatos patagónicos / _cRicardo Fonseca |
||
| 250 | _a1a ed. | ||
| 260 |
_aNeuquén: _bEDUCO; _c2011. |
||
| 300 |
_a154 p. _b23x16 cm |
||
| 500 | _aFonseca, R. (2011). Quequén, la culebra dinosaurica y otros relatos patagónicos. (1a ed.). Neuquén : EDUCO. | ||
| 505 | _aSin la imaginación, la realidad terminaría donde empieza. Y el vivir no rebasaría lo rutinario de la mera animalidad. La literatura es "sin duda la actividad que más justifica la materialidad de lo imaginario, en tanto se la lea (o se la escriba) con el deseo de violentar lo oscuro, de poseer un secreto, de transformar lo inerte". (Georges JEan). Amparado en dicha premisa, el autor de estos cuentos, relatos y divertimentos, aspira a que sus posibles lectores/as sientan o compartan el mismo entusiasmo y la misma alegría con que fueron escritos. | ||
| 590 | _aProyecto 4to libro. Donación EDUCO, Septiembre 2017. | ||
| 655 |
_aCuentos y Relatos _93290 |
||
| 942 |
_2ddc _cLIT |
||
| 999 |
_c2458 _d2458 |
||